01169nam a2200253Ia 4500001000700000003000500007008004100012010001100053020001800064040000900082082001500091111012200106245011800228260008500346300000900431503002400440504002700464505007900491650003900570650002800609650003700637700012400674711011700798Z_6107CHAP220113s1997 xx 000 0 und d a169338 a968-884-487-X cCHAP a630.63 C62 aCongreso Nacional Agropecuario y Forestal : por un Desarrollo Rural Sustentable (2 : Agosto 1997: Texcoco, México) aMemoria /ceditores Joél Pérez Nieto, Víctor Manuel Mendoza Castillo y Ernesto Ladrón de Guevara Alafita aMéxico :bUniversidad Autónoma Chapingo; Congreso Agrario Permanente,c1997 a2 v. aej.1 v.1 - ej.1 v.2 aIncluye bibliografía av. 1: Programa general y resúmenes; v. 2: Los factores socioeconómicos aAgricultura sustentablexMéxico  aAgriculturaxCongresos  aDesarrollo sustentablexMéxico aI. Pérez Nieto, Joél, ed. II. Mendoza Castillo, Víctor Manuel, ed. III. Ladrón de Guevara Alafita, Ernesto, ed. aIV.Congreso Nacional Agropecuario y Forestal : por un Desarrollo Rural Sustentable (2 : 1997: Texcoco, México)